[Event "I Weekend A"]
[Site "Piacenza ITA"]
[Date "2005.11.04"]
[Round "1"]
[White "Raineri, Valerio"]
[Black "Meijers, Viesturs"]
[Result "1/2-1/2"]
[WhiteElo "2132"]
[BlackElo "2507"]
[PlyCount "88"]
[EventDate "2005.11.04"]

1. e4 c5 2. Nf3 e6 3. d4 cxd4 4. Nxd4 a6 5. Bd3 Nf6 6. O-O d6 7. Qe2 Nbd7 8. c3
b6 9. Nd2 Bb7 10. Re1 g6 11. Bc2 Bg7 12. Nf1 O-O 13. Ng3 Qc7 14. Bd2 h5 15.
Rad1 Rfe8 16. Bg5 e5 17. Nb3 d5 18. f3 a5 19. a4 Nh7 20. Be3 h4 21. Nh1 Ndf6
22. Nf2 Bc6 23. Nc1 Qb7 24. Rd2 Rab8 25. exd5 Nxd5 26. Ne4 Qe7 27. Bb3 Nxe3 28.
Qxe3 Kh8 29. Nd6 Rf8 30. Red1 h3 31. Nxf7+ Rxf7 32. Bxf7 Qxf7 33. Rd8+ Rxd8 34.
Rxd8+ Nf8 35. Qxb6 Bxa4 36. Nd3 hxg2 37. Kxg2 Bd7 38. Qd6 Qf5 39. Nxe5 Qg5+ 40.
Kh1 Kh7 41. Rxf8 Qc1+ 42. Kg2 Qg5+ 43. Kh1 Qc1+ 44. Kg2 Qg5+ 1/2-1/2

[Event "I Weekend A"]
[Site "Piacenza ITA"]
[Date "2005.11.04"]
[Round "1"]
[White "Ranola, Yves"]
[Black "Bellani, Alessandro"]
[Result "1-0"]
[WhiteElo "2455"]
[BlackElo "2116"]
[PlyCount "41"]
[EventDate "2005.11.04"]

1. c4 g6 2. g3 Bg7 3. Bg2 d6 4. Nc3 Nc6 5. e4 Nf6 6. Nge2 a6 7. O-O Rb8 8. d3
Bd7 9. h3 b5 10. cxb5 axb5 11. Be3 e6 12. Qd2 b4 13. Nd1 Ne7 14. Bh6 Bxh6 15.
Qxh6 Bb5 16. Qg7 Bxd3 17. Qxf6 O-O 18. Re1 c5 19. Nf4 Ba6 20. Ne3 Nc6 21. Ng4
1-0

[Event "I Weekend A"]
[Site "Piacenza ITA"]
[Date "2005.11.04"]
[Round "1"]
[White "Rossi, Aldo A."]
[Black "Rigo, Gianfrancesco"]
[Result "1-0"]
[WhiteElo "2198"]
[BlackElo "2028"]
[PlyCount "93"]
[EventDate "2005.11.04"]

1. d4 e6 2. Nf3 Nf6 3. Bf4 c5 4. e3 Nc6 5. c3 Be7 6. h3 b6 7. Bd3 Bb7 8. O-O
O-O 9. Qe2 d5 10. Nbd2 Re8 11. Ne5 Nxe5 12. dxe5 Nd7 13. Qh5 Nf8 14. Bb5 Nd7
15. Nf3 a6 16. Bd3 Nf8 17. Ng5 g6 18. Qg4 Bc8 19. Nf3 Nd7 20. h4 Bf8 21. h5 Bg7
22. hxg6 fxg6 23. Rad1 Qc7 24. Qg3 Bb7 25. Rfe1 Rf8 26. Ng5 Rxf4 27. exf4 Nf8
28. Qh3 Re8 29. Bc2 b5 30. a4 Qc6 31. axb5 axb5 32. Bb3 h6 33. Nf3 Re7 34. Bc2
Qe8 35. Qg3 Qf7 36. b4 Rc7 37. Bd3 d4 38. bxc5 dxc3 39. Bxb5 Rxc5 40. Bd3 c2
41. Rc1 Rc3 42. Re3 Qc7 43. Ne1 g5 44. fxg5 Rxd3 45. Nxd3 hxg5 46. Qxg5 Qc3 47.
Rg3 1-0

[Event "I Weekend A"]
[Site "Piacenza ITA"]
[Date "2005.11.04"]
[Round "1"]
[White "Salvador, Roland"]
[Black "Barberi, Alessandro"]
[Result "1-0"]
[WhiteElo "2397"]
[BlackElo "2110"]
[PlyCount "59"]
[EventDate "2005.11.04"]

1. d4 g6 2. e4 Bg7 3. Nf3 d6 4. Nc3 Nd7 5. Be3 a6 6. a4 e5 7. Bc4 h6 8. dxe5
Nxe5 9. Nxe5 Bxe5 10. O-O Be6 11. Bxe6 fxe6 12. Qg4 Qf6 13. f4 h5 14. Qf3 Bxc3
15. e5 Qd8 16. bxc3 d5 17. c4 Ne7 18. Bc5 Nf5 19. Rfd1 c6 20. Rab1 Rh7 21. Rb6
Rc8 22. cxd5 exd5 23. c4 d4 24. Qe4 Rcc7 25. Rbb1 Rcd7 26. Rd3 Qa5 27. e6 Rc7
28. Bb6 Qxa4 29. Rxd4 Nxd4 30. Qxg6+ 1-0

[Event "I Weekend A"]
[Site "Piacenza ITA"]
[Date "2005.11.04"]
[Round "1"]
[White "Scalcione, Michelangelo"]
[Black "Bonade', Massimo"]
[Result "1-0"]
[WhiteElo "2284"]
[BlackElo "2070"]
[PlyCount "67"]
[EventDate "2005.11.04"]

1. Nf3 Nf6 2. c4 e6 3. Nc3 d5 4. d4 Be7 5. Bg5 O-O 6. e3 h6 7. Bf4 c5 8. dxc5
Bxc5 9. Qc2 Nc6 10. a3 a6 11. O-O-O Qa5 12. Nd2 Qd8 13. Nb3 Be7 14. Be2 e5 15.
Nxd5 Nxd5 16. Rxd5 Qc7 17. Bg3 f5 18. f4 e4 19. Be1 Be6 20. Bc3 Rfc8 21. Kb1
Bxd5 22. cxd5 Nd8 23. Nd4 Qd7 24. Qb3 Kh7 25. Rg1 Bf6 26. g4 g6 27. gxf5 gxf5
28. Ne6 Nxe6 29. dxe6 Rxc3 30. bxc3 Qc7 31. Bh5 b5 32. Qd5 Qxc3 33. Qb7+ Bg7
34. Bg6+ 1-0

[Event "I Weekend A"]
[Site "Piacenza ITA"]
[Date "2005.11.05"]
[Round "2"]
[White "Aleksic, Nenad"]
[Black "Raineri, Valerio"]
[Result "1-0"]
[WhiteElo "2381"]
[BlackElo "2132"]
[PlyCount "51"]
[EventDate "2005.11.04"]

1. e4 e5 2. Nf3 Nc6 3. c3 d5 4. Qa4 dxe4 5. Nxe5 Qd5 6. Nxc6 bxc6 7. Bc4 Qd6 8.
d3 exd3 9. O-O Nf6 10. Bf4 Qd7 11. Bxd3 Bd6 12. Bf5 Qxf5 13. Bxd6 Qb5 14. Qxb5
cxb5 15. Bxc7 Be6 16. Be5 Rd8 17. a4 a6 18. axb5 axb5 19. Na3 O-O 20. Rfd1 Bb3
21. Rxd8 Rxd8 22. Nxb5 Nd7 23. Bd4 Nf8 24. h3 Ne6 25. Be3 f5 26. Nd4 1-0

[Event "I Weekend A"]
[Site "Piacenza ITA"]
[Date "2005.11.05"]
[Round "2"]
[White "Barberi, Alessandro"]
[Black "Giannetta, Paolo"]
[Result "1/2-1/2"]
[WhiteElo "2110"]
[BlackElo "2039"]
[PlyCount "113"]
[EventDate "2005.11.04"]

1. d4 d6 2. Nf3 g6 3. e4 Bg7 4. Bc4 Nf6 5. Nbd2 O-O 6. Qe2 Nc6 7. O-O e5 8.
dxe5 dxe5 9. Rd1 Qe7 10. Nf1 Bg4 11. c3 Rad8 12. Bg5 h6 13. Bxf6 Qxf6 14. Ne3
Bxf3 15. Qxf3 Qxf3 16. gxf3 Ne7 17. Kg2 c6 18. Kg3 Nc8 19. Bb3 Nb6 20. f4 exf4+
21. Kxf4 Rfe8 22. Rxd8 Rxd8 23. Rd1 Rxd1 24. Nxd1 Nd7 25. h3 Be5+ 26. Ke3 g5
27. f3 Nc5 28. Bc2 Ne6 29. Nf2 Nf4 30. Nd3 Nxd3 31. Bxd3 Kg7 32. Bf1 b5 33. h4
Bf4+ 34. Kd4 gxh4 35. Kc5 Bc1 36. b3 Bd2 37. Kxc6 Bxc3 38. Kxb5 Kf6 39. Kc4 Be1
40. Kd3 Ke5 41. Ke3 Bg3 42. a4 f5 43. b4 fxe4 44. fxe4 Be1 45. b5 Ba5 46. Bg2
Bb6+ 47. Kf3 Bd8 48. Kg4 Kd4 49. Bf3 Ke5 50. Kh5 Kd4 51. Kg6 Kc5 52. e5 Kb4 53.
Bc6 h3 54. Kf7 h2 55. e6 h1=Q 56. Bxh1 Kxa4 57. Bc6 1/2-1/2

[Event "I Weekend A"]
[Site "Piacenza ITA"]
[Date "2005.11.05"]
[Round "2"]
[White "Barletta, Mauro"]
[Black "Maksimenko, Andrei"]
[Result "0-1"]
[WhiteElo "2254"]
[BlackElo "2501"]
[PlyCount "66"]
[EventDate "2005.11.04"]

1. f4 d6 2. Nf3 g6 3. e3 Bg7 4. Be2 Nf6 5. O-O O-O 6. d3 c5 7. e4 Nc6 8. Qe1 c4
9. Na3 cxd3 10. cxd3 Bg4 11. Be3 Nd7 12. Rb1 Rc8 13. Qh4 Bxf3 14. Rxf3 Nd4 15.
Rh3 Nxe2+ 16. Kf2 h5 17. Kxe2 Nf6 18. f5 Ng4 19. Bg5 Re8 20. Rf3 d5 21. h3 dxe4
22. dxe4 Ne5 23. Re3 f6 24. fxg6 fxg5 25. Qxh5 Rc6 26. Qh7+ Kf8 27. Rf1+ Rf6
28. Rf5 Rxf5 29. exf5 Qd5 30. Kf1 Rc8 31. Qh5 Rc1+ 32. Kf2 Nd3+ 33. Kg3 Be5+
0-1

[Event "I Weekend A"]
[Site "Piacenza ITA"]
[Date "2005.11.05"]
[Round "2"]
[White "Bellani, Alessandro"]
[Black "Ficco, Corrado"]
[Result "1-0"]
[WhiteElo "2116"]
[BlackElo "2172"]
[PlyCount "105"]
[EventDate "2005.11.04"]

1. d4 Nf6 2. c4 c5 3. d5 b5 4. cxb5 a6 5. bxa6 Bxa6 6. Nc3 g6 7. e4 Bxf1 8.
Kxf1 d6 9. Nge2 Bg7 10. Be3 Nbd7 11. f3 O-O 12. g4 Ne5 13. Kg2 Nc4 14. Bc1 e6
15. g5 Nh5 16. Ng3 Nxg3 17. hxg3 Bxc3 18. bxc3 exd5 19. Qxd5 Ra4 20. a3 Qa8 21.
Qd3 Qc6 22. Ra2 f5 23. gxf6 Rxf6 24. Bf4 Rf7 25. Rb1 h5 26. Rb8+ Rf8 27. Qb1
Ra8 28. Rb7 Rf7 29. Rxf7 Kxf7 30. Qb3 d5 31. a4 Ra5 32. Re2 Nb6 33. exd5 Nxd5
34. Bg5 c4 35. Qb8 Ra8 36. Qe5 Re8 37. Qxe8+ Qxe8 38. Rxe8 Kxe8 39. Bd2 Kd7 40.
Kh3 g5 41. f4 gxf4 42. gxf4 Kc6 43. Kh4 Kb6 44. Kxh5 Ka5 45. Kg6 Kxa4 46. f5
Kb3 47. f6 Kc2 48. Be1 Nc7 49. f7 Ne6 50. Kf6 Nf8 51. Ke7 Ng6+ 52. Ke8 Kd1 53.
Bf2 1-0

[Event "I Weekend A"]
[Site "Piacenza ITA"]
[Date "2005.11.05"]
[Round "2"]
[White "Bonade', Massimo"]
[Black "Magrini, Fabrizio"]
[Result "1-0"]
[WhiteElo "2070"]
[BlackElo "2067"]
[PlyCount "41"]
[EventDate "2005.11.04"]

1. d4 c5 2. d5 g6 3. c4 Bg7 4. Nf3 d6 5. e4 e6 6. Nc3 Ne7 7. Be2 O-O 8. O-O a6
9. a4 f5 10. dxe6 Bxe6 11. Ng5 Bc8 12. exf5 Nxf5 13. Qd5+ Kh8 14. Nf7+ Rxf7 15.
Qxf7 Nc6 16. Bg5 Be6 17. Qxb7 Qe8 18. Bf3 Nfd4 19. Bxc6 Nxc6 20. Rfe1 Be5 21.
Rxe5 1-0

[Event "I Weekend A"]
[Site "Piacenza ITA"]
[Date "2005.11.05"]
[Round "2"]
[White "Braghetta, Sergio"]
[Black "Panizzi, Giuseppe"]
[Result "1-0"]
[WhiteElo "2277"]
[BlackElo "2145"]
[PlyCount "99"]
[EventDate "2005.11.04"]

1. e4 c5 2. Nf3 Nc6 3. d4 cxd4 4. Nxd4 Nf6 5. Nc3 e6 6. Ndb5 d6 7. Bf4 e5 8.
Bg5 a6 9. Na3 b5 10. Nd5 Be7 11. Bxf6 Bxf6 12. c3 O-O 13. Nc2 Bg5 14. a4 bxa4
15. Rxa4 Bb7 16. Bc4 a5 17. O-O Ne7 18. Qd3 Bc6 19. Ra2 Nxd5 20. Bxd5 Qc7 21.
Rfa1 Rab8 22. Qc4 Rfc8 23. Bxc6 Qxc6 24. Qxc6 Rxc6 25. Rxa5 g6 26. Nb4 Rc4 27.
f3 f5 28. exf5 gxf5 29. Kf2 Bd8 30. Ra8 Rcc8 31. Rxb8 Rxb8 32. Ke2 d5 33. Kd3
Bg5 34. Kc2 Rb5 35. Nc6 Bf6 36. Ra7 f4 37. Ne7+ Kf8 38. Nf5 Rc5 39. b4 Rc6 40.
b5 Rb6 41. Ra6 Bd8 42. Nd6 Bc7 43. Rxb6 Bxb6 44. c4 Bc5 45. Nb7 Bd4 46. cxd5
Ke7 47. Kd3 Kd7 48. Kc4 Kc7 49. Nc5 Kd6 50. Ne4+ 1-0

[Event "I Weekend A"]
[Site "Piacenza ITA"]
[Date "2005.11.05"]
[Round "2"]
[White "Brigati, Alessandro"]
[Black "Rossi, Aldo A."]
[Result "0-1"]
[WhiteElo "2006"]
[BlackElo "2198"]
[PlyCount "108"]
[EventDate "2005.11.04"]

1. d4 d6 2. c4 e5 3. dxe5 dxe5 4. Qxd8+ Kxd8 5. Nc3 c6 6. Nf3 f6 7. e4 Bc5 8.
Be2 Be6 9. O-O a5 10. Na4 Na6 11. Bd2 b6 12. Rfd1 Kc7 13. Bc3 Bg4 14. h3 Bxf3
15. Bxf3 Nh6 16. Nxc5 Nxc5 17. b3 Rad8 18. Kf1 Nf7 19. Ke2 Ng5 20. Ke3 Nxf3 21.
Kxf3 Ne6 22. g3 Nd4+ 23. Bxd4 Rxd4 24. Rac1 Rhd8 25. Rxd4 Rxd4 26. Ke3 Kd6 27.
a3 Kc5 28. f4 Kd6 29. f5 g6 30. fxg6 hxg6 31. Rf1 Ke6 32. g4 a4 33. Rb1 axb3
34. Rxb3 Rxc4 35. Rxb6 Kd6 36. Rb3 g5 37. Kf3 Kc5 38. Rd3 Rd4 39. Rc3+ Kd6 40.
Ke3 c5 41. Rb3 Kc6 42. Kf3 Ra4 43. Ke3 c4 44. Rc3 Kc5 45. Kd2 Kd4 46. Re3 Ra6
47. Rc3 Rb6 48. Rc2 Rb3 49. Kc1 Rxa3 50. Rf2 Rxh3 51. Rxf6 Rg3 52. Rd6+ Kxe4
53. Rc6 Kd5 54. Rc8 Rxg4 0-1

[Event "I Weekend A"]
[Site "Piacenza ITA"]
[Date "2005.11.05"]
[Round "2"]
[White "Candura, Stefano"]
[Black "Mosconi, Ariel Oscar"]
[Result "1-0"]
[WhiteElo "2039"]
[BlackElo "2164"]
[PlyCount "152"]
[EventDate "2005.11.04"]

1. d4 g6 2. Nf3 Bg7 3. e4 d6 4. Nc3 c6 5. Be3 Qb6 6. Rb1 Bg4 7. Be2 Bxf3 8.
Bxf3 Qa6 9. Be2 Qa5 10. O-O d5 11. e5 h5 12. b4 Qc7 13. b5 e6 14. bxc6 bxc6 15.
Qd2 Ne7 16. Na4 Nd7 17. c4 Nb6 18. Qc2 Nxc4 19. Bxc4 dxc4 20. Qxc4 O-O 21. Nc5
Nf5 22. Bg5 Qa5 23. h3 Rfb8 24. g4 hxg4 25. hxg4 Nh6 26. f3 Qa3 27. Rb3 Rxb3
28. Qxb3 Qxb3 29. Nxb3 a5 30. Rc1 a4 31. Nc5 Rb8 32. Nxa4 Rb4 33. Nc5 Rxd4 34.
Nb3 Ra4 35. Rc2 Nxg4 36. fxg4 Bxe5 37. Rg2 c5 38. Kf1 c4 39. Nc5 Rb4 40. Be3 c3
41. Nd3 Rb1+ 42. Ke2 Bd6 43. Kf3 Rd1 44. Ke4 Bf8 45. g5 Bg7 46. Bd4 Rh1 47.
Bxg7 Rh4+ 48. Kf3 Kxg7 49. Rc2 Ra4 50. Nc5 Ra5 51. Ne4 Kf8 52. Ke3 Ke7 53. Kd3
Ra3 54. Nxc3 f5 55. gxf6+ Kxf6 56. Ke4 g5 57. Kd4 g4 58. Ne4+ Kf5 59. Rf2+ Kg6
60. Rg2 Kf5 61. Rf2+ Kg6 62. Ke5 Ra6 63. Nd6 Kg5 64. Ne4+ Kg6 65. Rg2 Kh5 66.
Rh2+ Kg6 67. Kf4 Ra4 68. Rg2 Kh5 69. Ke3 Ra6 70. Nf6+ Kh4 71. Rxg4+ Kh3 72. a4
Rc6 73. Rb4 Ra6 74. Ne4 Kg2 75. Nc5 Ra5 76. Rc4 Kh2 1-0

[Event "I Weekend A"]
[Site "Piacenza ITA"]
[Date "2005.11.05"]
[Round "2"]
[White "Capata, Ion"]
[Black "Guanciale, Orazio"]
[Result "1-0"]
[WhiteElo "2090"]
[BlackElo "2154"]
[PlyCount "83"]
[EventDate "2005.11.04"]

1. e4 e6 2. d4 d5 3. exd5 exd5 4. c4 Nf6 5. Nf3 Nc6 6. h3 Bb4+ 7. Bd2 O-O 8.
Bxb4 Nxb4 9. Be2 dxc4 10. O-O b5 11. a4 c6 12. Nc3 Nbd5 13. Ne5 Nxc3 14. bxc3
Qd6 15. Bf3 Nd5 16. Bxd5 Qxd5 17. Qf3 Qxf3 18. Nxf3 Be6 19. axb5 cxb5 20. Ra6
Bc8 21. Ra5 a6 22. Ne5 Rd8 23. Rb1 Bb7 24. Ra3 Rac8 25. Ng4 Rd6 26. Ne3 Kf8 27.
Kf1 Be4 28. Rba1 Rcc6 29. f3 Bd3+ 30. Ke1 Ke7 31. Kd2 Rg6 32. Nd5+ Kd6 33. Nf4
Rg3 34. Ke3 g5 35. Nxd3 cxd3 36. Kf2 Kd5 37. Kxg3 b4 38. cxb4 Kxd4 39. Rxa6 Rc2
40. Rd6+ Ke3 41. Ra3 Rd2 42. b5 1-0

[Event "I Weekend A"]
[Site "Piacenza ITA"]
[Date "2005.11.05"]
[Round "2"]
[White "Castrogiovanni, Carlo"]
[Black "Dassisti, Alberto"]
[Result "1-0"]
[WhiteElo "2106"]
[BlackElo "2012"]
[PlyCount "59"]
[EventDate "2005.11.04"]

1. Nf3 e6 2. c4 Nf6 3. g3 d5 4. Bg2 c6 5. b3 Nbd7 6. O-O Be7 7. Bb2 Qb6 8. d3
Nf8 9. Nbd2 Ng6 10. e4 Bd7 11. e5 Ng4 12. h3 Nh6 13. a3 Nf5 14. b4 h5 15. Nb3
h4 16. g4 Nh6 17. Bd4 Qc7 18. Rc1 Nf4 19. Qd2 Nxg2 20. Kxg2 dxc4 21. dxc4 Rd8
22. Qe3 O-O 23. Bxa7 Ra8 24. Bb6 Qc8 25. Nc5 f5 26. g5 f4 27. Qd3 Bxc5 28. Bxc5
Rf7 29. gxh6 gxh6 30. Kh2 1-0

[Event "I Weekend A"]
[Site "Piacenza ITA"]
[Date "2005.11.05"]
[Round "2"]
[White "Gaggino, Davide"]
[Black "Genocchio, Daniele"]
[Result "0-1"]
[WhiteElo "2008"]
[BlackElo "2348"]
[PlyCount "92"]
[EventDate "2005.11.04"]

1. Nf3 g6 2. d4 Bg7 3. c4 c5 4. Nc3 cxd4 5. Nxd4 Nc6 6. Nxc6 bxc6 7. e4 Rb8 8.
Qc2 Nh6 9. Be2 O-O 10. O-O f5 11. Rb1 d6 12. Bf3 f4 13. b3 Qa5 14. Bd2 Qg5 15.
Ne2 Be5 16. Bc3 Nf7 17. Kh1 Qh6 18. Ng1 g5 19. Bxe5 Nxe5 20. Be2 c5 21. Qc3 g4
22. f3 g3 23. h3 Nc6 24. Bd3 a5 25. a3 e5 26. Rfd1 Rf7 27. Bf1 Rb6 28. Ne2 Rfb7
29. Nc1 Nd4 30. Qxa5 Nxf3 31. Ne2 Ng5 32. Ng1 Nxe4 33. Nf3 Nf2+ 34. Kg1 e4 35.
Re1 Be6 36. Nd2 f3 37. Nxe4 Nxh3+ 38. gxh3 f2+ 39. Nxf2 gxf2+ 40. Kxf2 Qf6+ 41.
Ke2 Bxc4+ 42. bxc4 Rxb1 43. Rxb1 Rxb1 44. Qa8+ Kg7 45. Qg2+ Kh6 46. Qf3 Qxf3+
0-1

[Event "I Weekend A"]
[Site "Piacenza ITA"]
[Date "2005.11.05"]
[Round "2"]
[White "Gaponenko, Inna"]
[Black "Drei, Andrea"]
[Result "1-0"]
[WhiteElo "2432"]
[BlackElo "2274"]
[PlyCount "61"]
[EventDate "2005.11.04"]

1. e4 c5 2. Nf3 d6 3. d4 cxd4 4. Nxd4 e6 5. Be3 Nc6 6. Nc3 Nf6 7. Qd2 Be7 8. f3
a6 9. g4 Nd7 10. O-O-O Qc7 11. g5 b5 12. h4 Nce5 13. f4 Nc4 14. Bxc4 Qxc4 15.
a3 Rb8 16. b3 Qc7 17. Kb2 O-O 18. h5 Bb7 19. f5 Nc5 20. Rh4 Rfd8 21. f6 gxf6
22. Rf1 f5 23. exf5 e5 24. f6 exd4 25. Bxd4 Re8 26. fxe7 Qxe7 27. Rhf4 Rf8 28.
Re1 Ne6 29. Rf6 Rbc8 30. g6 Rce8 31. gxh7+ 1-0

[Event "I Weekend A"]
[Site "Piacenza ITA"]
[Date "2005.11.05"]
[Round "2"]
[White "Garofalo, Sergio"]
[Black "Marmili, Giulio"]
[Result "1-0"]
[WhiteElo "1907"]
[BlackElo "2066"]
[PlyCount "61"]
[EventDate "2005.11.04"]

1. d4 Nf6 2. Nf3 d5 3. Nbd2 b6 4. e3 e6 5. a3 Bd6 6. b3 O-O 7. Bb2 c5 8. Bd3
Ba6 9. c4 Nbd7 10. Ne5 cxd4 11. exd4 Rc8 12. O-O Bb8 13. Qe2 Re8 14. f4 Nf8 15.
Rad1 Bb7 16. Bb1 Qe7 17. Rf2 Red8 18. f5 dxc4 19. bxc4 Bd6 20. Rdf1 Bxa3 21.
fxe6 Bxb2 22. Rxf6 Bxd4+ 23. Kh1 Bxe5 24. Rxf7 Qxe6 25. Rxb7 Rd7 26. Bf5 Qh6
27. Qxe5 Rxb7 28. Bxc8 Rf7 29. Qd5 Qg6 30. Bf5 Qh6 31. Bxh7+ 1-0

[Event "I Weekend A"]
[Site "Piacenza ITA"]
[Date "2005.11.05"]
[Round "2"]
[White "Grillo, Francesco"]
[Black "Borin, Fabio"]
[Result "0-1"]
[WhiteElo "2037"]
[BlackElo "2128"]
[PlyCount "71"]
[EventDate "2005.11.04"]

1. d4 c5 2. d5 g6 3. Nc3 Bg7 4. e4 d6 5. Bb5+ Nd7 6. a4 a6 7. Be2 Ngf6 8. Nf3
b6 9. Bf4 O-O 10. O-O Nh5 11. Be3 Rb8 12. Nd2 b5 13. axb5 axb5 14. Bxh5 gxh5
15. f4 b4 16. Na4 Nf6 17. h3 e6 18. dxe6 fxe6 19. f5 exf5 20. Bf4 fxe4 21. Nc4
Ba6 22. Bxd6 Bxc4 23. Bxf8 Qxf8 24. Rf5 Rd8 25. Qe1 Rd5 26. Qf2 Qd6 27. Rxd5
Nxd5 28. Nxc5 e3 29. Ra8+ Bf8 30. Qf5 e2 31. Rxf8+ Qxf8 32. Qg5+ Kh8 33. Qe5+
Nf6 34. Nd3 b3 35. Qxe2 Qd6 36. g4 0-1

[Event "I Weekend A"]
[Site "Piacenza ITA"]
[Date "2005.11.05"]
[Round "2"]
[White "Gromovs, Sergejs"]
[Black "Brancaleoni, Maurizio"]
[Result "1-0"]
[WhiteElo "2302"]
[BlackElo "2308"]
[PlyCount "64"]
[EventDate "2005.11.04"]

1. d4 Nf6 2. Nf3 d5 3. c4 e6 4. Nc3 Bb4 5. Qa4+ Nc6 6. e3 O-O 7. Bd3 dxc4 8.
Bxc4 a6 9. O-O Bd6 10. h3 e5 11. Qc2 b5 12. Be2 exd4 13. exd4 Nb4 14. Qd1 c6
15. a4 bxa4 16. Rxa4 Bf5 17. Ne1 Qd7 18. g4 Bg6 19. f4 Rfe8 20. f5 c5 21. d5
Ne4 22. Ra3 Ng3 23. Rf2 c4 24. Kg2 Nxe2 25. Rxe2 Nd3 26. Ra1 Bxf5 27. gxf5 Qxf5
28. Rxe8+ Rxe8 29. Nxd3 cxd3 30. Ra4 g5 31. Rxa6 Re2+ 32. Nxe2 32... Qe4+ {...}
1-0

[Event "I Weekend A"]
[Site "Piacenza ITA"]
[Date "2005.11.05"]
[Round "2"]
[White "Laketic, Gojko"]
[Black "Scalcione, Michelangelo"]
[Result "1-0"]
[WhiteElo "2479"]
[BlackElo "2284"]
[PlyCount "61"]
[EventDate "2005.11.04"]

1. d4 d6 2. Nf3 Bg4 3. c4 Bxf3 4. exf3 g6 5. Nc3 Bg7 6. h4 h5 7. d5 Nd7 8. Bd3
Nc5 9. Bc2 Bxc3+ 10. bxc3 Nf6 11. O-O Qd7 12. Re1 O-O-O 13. Rb1 Rhg8 14. Be3 e5
15. Bxc5 dxc5 16. Rxe5 Qd6 17. Qe2 Rde8 18. f4 Rxe5 19. fxe5 Re8 20. Re1 Qa6
21. Qd2 Ng4 22. f3 Nxe5 23. f4 Qxc4 24. fxe5 Qxh4 25. Qf2 Qe7 26. Ba4 Rd8 27.
c4 c6 28. dxc6 Qg5 29. Qxf7 Rd2 30. Qxb7+ Kd8 31. c7+ 1-0

[Event "I Weekend A"]
[Site "Piacenza ITA"]
[Date "2005.11.05"]
[Round "2"]
[White "Meijers, Viesturs"]
[Black "Bozzali, Ermanno"]
[Result "1-0"]
[WhiteElo "2507"]
[BlackElo "2108"]
[PlyCount "61"]
[EventDate "2005.11.04"]

1. e4 c5 2. Nf3 d6 3. d4 cxd4 4. Nxd4 Nf6 5. Nc3 a6 6. Be2 e5 7. Nb3 Be7 8. Bg5
Be6 9. Bxf6 Bxf6 10. O-O O-O 11. Qd3 Be7 12. Rfd1 Re8 13. Nd2 Nc6 14. Nd5 Bf8
15. Nc4 Nd4 16. Ncb6 f5 17. Nxa8 fxe4 18. Qxe4 Bf5 19. Qe3 Qh4 20. Nac7 Rc8 21.
Rd2 g6 22. Rad1 Qd8 23. Rxd4 exd4 24. Qxd4 Bg7 25. Qc4 b5 26. Qc6 Be5 27. f4
Bxb2 28. Qxa6 Rxc7 29. Nxc7 Qxc7 30. Qxb5 Qxc2 31. Qc4+ 1-0

[Event "I Weekend A"]
[Site "Piacenza ITA"]
[Date "2005.11.05"]
[Round "2"]
[White "Mussap, Angelo"]
[Black "Pipitone, Antonio"]
[Result "0-1"]
[WhiteElo "2107"]
[BlackElo "2029"]
[PlyCount "122"]
[EventDate "2005.11.04"]

1. e4 c5 2. Nc3 Nc6 3. f4 d6 4. d3 Nf6 5. Nf3 e6 6. Be2 Be7 7. Bd2 a6 8. Be3 b5
9. Qd2 Ng4 10. Bg1 Bb7 11. Nd1 b4 12. g3 a5 13. h3 Nf6 14. Ne3 Ba6 15. f5 Nd4
16. b3 Nxe2 17. Qxe2 Nxe4 18. Qg2 Nc3 19. fxe6 fxe6 20. Nd2 O-O 21. Bf2 d5 22.
Nd1 Nb5 23. O-O Qc7 24. Re1 Qd6 25. Nf3 Bf6 26. Rc1 Rae8 27. Be3 Bb7 28. Bg5 d4
29. Bf4 e5 30. Bd2 Bd8 31. Rf1 Rf7 32. Qe2 Ref8 33. Nh2 Qd5 34. Qe4 Qxe4 35.
dxe4 Bxe4 36. Re1 Nd6 37. Ng4 Bf6 38. Ndf2 Bb7 39. Nd3 e4 40. Nxc5 e3 41. Nxe3
dxe3 42. Bxe3 Nf5 43. Bf2 Nd4 44. Ne6 Nxe6 45. Rxe6 Bc8 46. Re2 Bxh3 47. Bb6
Bd8 48. Bc5 Rf1+ 49. Rxf1 Rxf1+ 50. Kh2 Bd7 51. a3 bxa3 52. Bxa3 Kf7 53. Bd6
Bc6 54. g4 Bg5 55. c4 Bf4+ 56. Bxf4 Rxf4 57. Re5 a4 58. Rc5 Bd7 59. Rc7 Ke6 60.
bxa4 Kd6 61. Ra7 Rxc4 0-1

[Event "I Weekend A"]
[Site "Piacenza ITA"]
[Date "2005.11.05"]
[Round "2"]
[White "Nannelli, Paolo"]
[Black "Salvador, Roland"]
[Result "0-1"]
[WhiteElo "2172"]
[BlackElo "2397"]
[PlyCount "62"]
[EventDate "2005.11.04"]

1. d4 d5 2. c4 dxc4 3. Nc3 a6 4. e3 Nf6 5. Bxc4 e6 6. Nf3 c5 7. O-O Nc6 8. a3
Qc7 9. Ba2 b5 10. dxc5 Bxc5 11. b4 Ba7 12. Bb2 Bb7 13. Qc2 Rc8 14. Ne2 Ne5 15.
Qxc7 Nxf3+ 16. gxf3 Rxc7 17. Rac1 Rd7 18. Nd4 Bxd4 19. Bxd4 Bxf3 20. Rc8+ Rd8
21. Rc7 h5 22. h3 Rh6 23. Kh2 Rg6 24. Rg1 Rxg1 25. Kxg1 Nd5 26. Ra7 Nc3 27. Bb3
Ne2+ 28. Kh2 Nxd4 29. exd4 Rxd4 30. Rxa6 Rd3 31. Bc2 Rc3 0-1

[Event "I Weekend A"]
[Site "Piacenza ITA"]
[Date "2005.11.05"]
[Round "2"]
[White "Peric, Slavisa"]
[Black "Pace, Pietro Dario"]
[Result "1/2-1/2"]
[WhiteElo "2308"]
[BlackElo "2233"]
[PlyCount "58"]
[EventDate "2005.11.04"]

1. d4 d5 2. Nf3 Nf6 3. Bf4 e6 4. e3 c5 5. c3 Be7 6. Nbd2 Nc6 7. h3 a6 8. Bd3
O-O 9. O-O b5 10. dxc5 Bxc5 11. e4 dxe4 12. Nxe4 Be7 13. Qe2 Nd5 14. Bh2 Ra7
15. Rfd1 Rd7 16. Ne5 Nxe5 17. Bxe5 f6 18. Bh2 e5 19. Bc2 Kh8 20. Ng3 g6 21. Nf1
Bc5 22. Rd2 Qe7 23. Rad1 Rfd8 24. Bb3 Nb6 25. Rxd7 Rxd7 26. Rxd7 Bxd7 27. Ne3
Be6 28. Ng4 Nd7 29. Ne3 Nb6 1/2-1/2

[Event "I Weekend A"]
[Site "Piacenza ITA"]
[Date "2005.11.05"]
[Round "2"]
[White "Rigo, Gianfrancesco"]
[Black "Bevilacqua, Roberto"]
[Result "0-1"]
[WhiteElo "2028"]
[BlackElo "2116"]
[PlyCount "100"]
[EventDate "2005.11.04"]

1. Nf3 d5 2. b3 c5 3. e4 dxe4 4. Ne5 Nf6 5. Bb2 a6 6. Bc4 e6 7. a4 Nbd7 8. O-O
Nxe5 9. Bxe5 Bd6 10. Bb2 Qc7 11. h3 Be5 12. Nc3 Bd4 13. Qe2 b6 14. Rae1 Bb7 15.
d3 exd3 16. Qxd3 Rd8 17. Qe2 Qc6 18. Qf3 Qc8 19. Qf5 h6 20. Rxe6+ fxe6 21. Bxe6
Qc7 22. Bc1 Bxc3 23. Bf4 Qe7 24. f3 Bd5 25. Qg6+ Kf8 26. Bf5 Bf7 27. Qg3 Nh5
28. Qg4 Rd4 29. Be4 Nxf4 30. Qxf4 g5 31. Qb8+ Kg7 32. Qxb6 Rhd8 33. Qxa6 Rd1
34. Qe2 Rxf1+ 35. Qxf1 Qd6 36. Bd3 Re8 37. Be4 Qg3 38. a5 Bxa5 39. Qa1+ Qe5 40.
Qxa5 Bd5 41. Bd3 Qe1+ 42. Qxe1 Rxe1+ 43. Kf2 Re7 44. Kg3 Kf6 45. Kf2 h5 46. Kg3
h4+ 47. Kf2 Bf7 48. Be4 Bg6 49. Ke3 Bxe4 50. fxe4 Ke5 0-1

[Event "I Weekend A"]
[Site "Piacenza ITA"]
[Date "2005.11.05"]
[Round "2"]
[White "Salami, Marco"]
[Black "Ranola, Yves"]
[Result "1/2-1/2"]
[WhiteElo "2202"]
[BlackElo "2455"]
[PlyCount "89"]
[EventDate "2005.11.04"]

1. e4 c5 2. Nf3 Nc6 3. Bb5 g6 4. O-O Bg7 5. c3 d6 6. d4 cxd4 7. cxd4 Bd7 8. Nc3
Nf6 9. d5 Nb8 10. Qa4 O-O 11. Be3 a6 12. Bxd7 Nbxd7 13. Qb4 Ng4 14. Bd4 Bxd4
15. Nxd4 Nge5 16. Nb3 Qc7 17. Rfd1 Rac8 18. Rac1 Qb8 19. Qd4 f5 20. Nd2 Nc5 21.
Nf1 f4 22. Na4 Nxa4 23. Qxa4 Qa7 24. Qb3 b5 25. Qh3 Rc5 26. Qe6+ Rf7 27. h4 Kg7
28. Nh2 Qc7 29. Rb1 Rc2 30. Nf3 Qc5 31. Nd4 Rc4 32. Qxe5+ dxe5 33. Ne6+ Kh6 34.
Nxc5 Rxc5 35. Rbc1 Rxc1 36. Rxc1 Kh5 37. Rc7 Kxh4 38. d6 Rf8 39. Rxe7 Rd8 40.
Rxh7+ Kg5 41. d7 Kf6 42. Kf1 Ke6 43. Rg7 Kf6 44. Rh7 Ke6 45. Rg7 1/2-1/2

[Event "I Weekend A"]
[Site "Piacenza ITA"]
[Date "2005.11.05"]
[Round "2"]
[White "Tencati, Giuseppe"]
[Black "Murgia, Andrea"]
[Result "0-1"]
[WhiteElo "2132"]
[BlackElo "2089"]
[PlyCount "62"]
[EventDate "2005.11.04"]

1. d4 f5 2. g3 Nf6 3. Bg2 g6 4. c3 Bg7 5. Nd2 d6 6. h4 e5 7. dxe5 dxe5 8. Qb3
Nc6 9. Nh3 Qe7 10. Nc4 h6 11. Qb5 Ne4 12. Bxe4 fxe4 13. Be3 a6 14. Qd5 Be6 15.
Qxe4 O-O-O 16. Nd2 Bd5 17. Qg4+ Kb8 18. Ne4 Nd4 19. cxd4 exd4 20. Bxh6 Bxh6 21.
f3 Qb4+ 22. Kf2 d3 23. Neg5 Qxb2 24. Nf4 dxe2 25. Rae1 Qd4+ 26. Kg2 Rhe8 27.
Nxd5 Qxg4 28. fxg4 Bxg5 29. hxg5 Rxd5 30. Kf3 Rd3+ 31. Kf2 Rd2 0-1